Sociologie de la mort : Vivre et mourir dans la société contemporaine (notice n° 2198569)

détails MARC
000 -LEADER
fixed length control field 01468cam a2200133 4500500
005 - DATE AND TIME OF LATEST TRANSACTION
control field 20260405085550.0
041 ## - LANGUAGE CODE
Language code of text/sound track or separate title fre
042 ## - AUTHENTICATION CODE
Authentication code dc
100 10 - MAIN ENTRY--PERSONAL NAME
Personal name Clavandier, Gaëlle
Relator term author
245 00 - TITLE STATEMENT
Title Sociologie de la mort : Vivre et mourir dans la société contemporaine
260 ## - PUBLICATION, DISTRIBUTION, ETC.
Name of publisher, distributor, etc. Armand Colin,<br/>
Date of publication, distribution, etc. 2009.<br/>
520 ## - SUMMARY, ETC.
Summary, etc. Longtemps destinée à tracer une frontière symbolique entre les morts et les vivants, la ritualisation du deuil a cédé la place dans les sociétés industrielles à un nouveau rapport à la mort qu’illustre le développement des soins palliatifs, de la thanatopraxie, de la crémation et des testaments obsèques. Mais les évolutions les plus profondes sont à venir. L’accroissement de l’espérance de vie et l’explosion démographique des années d’après-guerre ont produit un report des décès, dont l’augmentation sera exponentielle dans les vingt prochaines années. Le débat sur l’euthanasie volontaire et l’accompagnement des mourants, l’émergence d’une pragmatique du « bien mourir » ou les controverses actuelles autour des lieux légitimes de dispersion des cendres annoncent une mutation plus globale. Face aux réactions légales, morales et émotionnelles suscitées, la sociologie de la mort permet de poser les questions autrement et de mieux comprendre les enjeux des choix actuels.
856 41 - ELECTRONIC LOCATION AND ACCESS
Uniform Resource Identifier <a href="https://shs.cairn.info/sociologie-de-la-mort--9782200355432?lang=fr&redirect-ssocas=7080">https://shs.cairn.info/sociologie-de-la-mort--9782200355432?lang=fr&redirect-ssocas=7080</a>

Pas d'exemplaire disponible.

PLUDOC

PLUDOC est la plateforme unique et centralisée de gestion des bibliothèques physiques et numériques de Guinée administré par le CEDUST. Elle est la plus grande base de données de ressources documentaires pour les Étudiants, Enseignants chercheurs et Chercheurs de Guinée.

Adresse

627 919 101/664 919 101

25 boulevard du commerce
Kaloum, Conakry, Guinée

Réseaux sociaux

Powered by Netsen Group @ 2025